| 000 | 00555nam a2200157 a 4500 | ||
|---|---|---|---|
| 001 | 000045325 | ||
| 005 | 20201002050051.0 | ||
| 008 | 150303s2015 dr a 000 0 spa d | ||
| 040 |
_aDO-SdBNP _bspa _cBNPHU |
||
| 082 |
_axxxxxxx _bxxxxxxx |
||
| 100 | 1 |
_aGalán Santana, Junior Rafael, _d1980- _970309 |
|
| 245 | 1 | 3 |
_aEl Libro Supremo de la Numerologia / _cJunior Rafael Galán Santana. |
| 260 |
_aSantiago, República Dominicana : _b[s.n.] ;, _c2015. |
||
| 300 |
_a23 p. : _bil. ; _c20 cm. |
||
| 500 | _aIncluye datos biográficos del autor en la contracubierta | ||
| 999 |
_c44814 _d44814 |
||